LEADER 01402oam 2200481zu 450 001 9910130938503321 005 20210807004643.0 010 $a1-118-66400-0 035 $a(CKB)3450000000004407 035 $a(SSID)ssj0000726563 035 $a(PQKBManifestationID)11398502 035 $a(PQKBTitleCode)TC0000726563 035 $a(PQKBWorkID)10674353 035 $a(PQKB)10633088 035 $a(PPN)178917346 035 $a(EXLCZ)993450000000004407 100 $a20160829d1993 uy 101 0 $aeng 181 $ctxt 182 $cc 183 $acr 200 00$aAuroral plasma dynamics 210 31$a[Place of publication not identified]$cAmerican Geophysical Union$d1993 225 0 $aGeophysical monograph Auroral plasma dynamics 300 $aBibliographic Level Mode of Issuance: Monograph 311 $a0-87590-039-9 606 $aAuroras 606 $aSpace plasmas 606 $aPlasma dynamics 606 $aEarth & Environmental Sciences$2HILCC 606 $aMeteorology & Climatology$2HILCC 615 0$aAuroras 615 0$aSpace plasmas 615 0$aPlasma dynamics 615 7$aEarth & Environmental Sciences 615 7$aMeteorology & Climatology 676 $a538/.768 702 $aLysak$b Robert L 801 0$bPQKB 906 $aBOOK 912 $a9910130938503321 996 $aAuroral plasma dynamics$92280182 997 $aUNINA LEADER 00914nam a2200265 i 4500 001 991003587639707536 008 181217s2009 it 00 ita 020 $a8824485324 035 $ab1435634x-39ule_inst 040 $aBibl. Interfacoltà T. Pellegrino$bita 082 04$a025.34 245 00$aManuale di archivistica /$ca cura di Nunzio Silvestro 250 $a4. ed. 260 $aNapoli :$bSimone,$c2009 300 $a382 p. ;$c21 cm. 490 0 $aEdizioni Simone ;$v91 500 $aCon appendice tecnico-normativa 650 4$aArchivistica$vManuali 700 1 $aSilvestro, Nunzio 907 $a.b1435634x$b17-12-18$c17-12-18 912 $a991003587639707536 945 $aLE002 Bibl. Ris. 655$g1$i20002001090736$lle002$o-$pE0.00$q-$rn$so $t0$u0$v0$w0$x0$y.i15872671$z17-12-18 996 $aManuale di archivistica$91221305 997 $aUNISALENTO 998 $ale002$b17-12-18$cm$da $e-$fita$git $h0$i0 LEADER 01988oam 2200469z 450 001 9910164713503321 005 20230828230859.0 010 $a0-8031-4890-9 024 7 $a10.1520/STP826-EB 035 $a(CKB)3170000000045223 035 $a(SSID)ssj0001490803 035 $a(PQKBManifestationID)11848041 035 $a(PQKBTitleCode)TC0001490803 035 $a(PQKBWorkID)11493448 035 $a(PQKB)10571666 035 $a(NjHacI)993170000000045223 035 $a(EXLCZ)993170000000045223 100 $a20160829h19831983 uy 0 101 0 $aeng 135 $aur||||||||||| 181 $ctxt$2rdacontent 182 $cc$2rdamedia 183 $acr$2rdacarrier 200 10$aFire resistive coatings $ethe need for standards : a symposium /$fsponsored by ASTM Committee E-6 on Performance of Building Constructions, Philadelphia, Pa., 18 Oct. 1982 ; Morris Lieff and F.M. Stumpf, editors 210 31$aPhiladelphia :$cAmerican Society for Testing & Materials,$d1983 210 4$a©1983 215 $a1 online resource (154 pages) $cillustrations 300 $aBibliographic Level Mode of Issuance: Monograph 311 $a0-8031-0214-3 330 $a"ASTM Publication Code Number (PCN) 04-826000-31. - "ASTM special technical publication 826. - Includes bibliographical references and indexes. - Electronic reproduction; W. Conshohocken, Pa; ASTM International; 2011; Mode of access: World Wide Web; System requirements: Web browser; Access may be restricted to users at subscribing institutions. 606 $aFireproofing agents$vStandards$vCongresses 606 $aFire resistant materials$vStandards$vCongresses 615 0$aFireproofing agents 615 0$aFire resistant materials 676 $a628.9223 701 $aLieff$b M$0970869 712 02$aASTM Committee E-6 on Performance of Building Constructions. 801 0$bPQKB 906 $aBOOK 912 $a9910164713503321 996 $aFire resistive coatings$93433557 997 $aUNINA